[Event "Bad Woerishofen op"]
[Site "Bad Woerishofen"]
[Date "1998.03.09"]
[Round "4"]
[White "Dautov, Rustem"]
[Black "Arbakov, Valentin"]
[Result "1-0"]
[WhiteElo "2600"]
[BlackElo "2445"]

1.d4 Nf6 2.Nf3 d5 3.c4 dxc4 4.e3 e6 5.Bxc4 c5 6.O-O a6 7.Bb3 Nc6 8.Qe2 Qc7
9.Nc3 Be7 10.dxc5 Bxc5 11.Bd2 O-O 12.Rac1 Ba7 13.h3 Rd8 14.Rfd1 Bd7 15.e4 Be8
16.e5 Nd7 17.Bg5 Rdc8 18.Bf4 Nf8 19.Ne4 Ng6 20.Bg3 Qe7 21.Nd6 Nd4 22.Nxd4 Rxc1
23.Rxc1 Bxd4 24.Rc4 Ba7 25.Qc2 Bc6 26.Ba4 Bxa4 27.Rxa4 h5 28.h4 Qd8 29.Qe2 b5
30.Re4 Qa5 31.a3 Rf8 32.Qxh5 Qd2 33.Qf3 f5 34.exf6 Rxf6 35.Qe2 Bxf2+ 36.Bxf2 Qxd6
37.Rd4 Qc6 38.Rd8+ Kf7 39.Qd2 Nf4 40.Be3 Nd5 41.Qe2 Rf5 42.Rh8 Qc7 43.Bg5 Nf4
44.Qg4 Ng6 45.Rd8 Qc2 46.Rd7+ Kg8 47.Be3 Qc6 48.Ra7 Qc4 49.Qxc4 bxc4 50.Rxa6 Re5
51.Bd4 Re4 52.Bc3 Nxh4 53.Ra8+ Kh7 54.Kf2 Rf4+ 55.Ke2 Re4+ 56.Kf2 Rf4+ 57.Kg3 g5
58.Rh8+ Kg6 59.Rg8+ Kh5 60.Rh8+ Kg6 61.Rg8+ Kh5 62.Rh8+  1-0

[Event "Belgrade (Women)"]
[Site "Belgrade"]
[Date "1998.03.11"]
[Round "8"]
[White "Vasilevich, Tatjana"]
[Black "Peng, Zhaoqin"]
[Result "1/2-1/2"]
[WhiteElo "2410"]
[BlackElo "2420"]

1.d4 d5 2.c4 dxc4 3.Nf3 e6 4.e3 c5 5.Bxc4 Nf6 6.O-O Nc6 7.Nc3 cxd4 8.exd4 Be7
9.Bg5 O-O 10.Re1 a6 11.a3 b5 12.Bb3 Bb7 13.Qd3 Rc8 14.Bc2 g6 15.Rad1 Nd5
16.Bxe7 Ncxe7 17.Ne4 Nf5 18.Bb1 Nf6 19.Nc3 Qc7 20.Qe2 Rfd8 21.Qe5 Bxf3 22.gxf3 Qxe5
23.dxe5 Nh5 24.Be4 Rxd1 25.Rxd1 Rc5 26.Rd8+ Kg7 27.Ra8 Rxe5 28.Rxa6 Nf4 29.Kf1 Nd4
30.Rd6 Nb3 31.Bc6 Rh5 32.Ne2 Nxe2 33.Kxe2 Rc5 34.Be4 f5 35.Bd3 e5 36.Rb6 Rd5
37.Ke3 f4+ 38.Ke4 Rd4+ 39.Kxe5 Rxd3 40.Rxb5 Rxf3 41.a4 g5 42.a5 Nxa5 43.Rxa5 Rxf2
44.Kf5 h6 45.Ra7+ Kf8 46.h4 Rg2 47.hxg5 hxg5 48.Ra3 Ke7 49.b4 Kd6 50.Ke4 Re2+
51.Kf5 Kd5 52.Kxg5 Ke4 53.Ra8 Kf3 54.Rf8 Re5+ 55.Kh4 Re7 56.b5 Ke3 57.b6 f3
58.Kg3 Rg7+ 59.Kh2 Kf2 60.Kh3 Rh7+ 61.Kg4 Kg2 62.Rxf3 Rg7+ 63.Kf4 Rf7+ 64.Ke4 Rxf3
65.Kd5  1/2-1/2

[Event "POL-ch"]
[Site "Ksiaz"]
[Date "1998.03.13"]
[Round "2"]
[White "Kempinski, Robert"]
[Black "Hnydiuk, Aleksander"]
[Result "1/2-1/2"]
[WhiteElo "2520"]
[BlackElo "2355"]

1.d4 d5 2.Nf3 e6 3.c4 dxc4 4.e3 Nf6 5.Bxc4 c5 6.Qe2 a6 7.dxc5 Bxc5 8.O-O Nc6
9.e4 b5 10.Bb3 e5 11.Bg5 Nd4 12.Nxd4 Bxd4 13.Nc3 h6 14.Bxf6 Qxf6 15.a4 b4
16.Nd5 Qd6 17.Rac1 O-O 18.Rc6 Qd8 19.Rfc1 Be6 20.Bc4 a5 21.Nc7 Bd7 22.Rd6 Rc8
23.Nd5 Bc5 24.Ra6 Bxa4 25.Ra1 Bc6 26.R6xa5 Bxd5 27.Bxd5 Bd4 28.Rb5 Qd6 29.g3 Rc7
30.Kg2 Rfc8 31.Ra8 Rxa8 32.Bxa8 g6 33.Qd2 Kg7 34.Rxb4 Rc2 35.Qxc2 Qxb4 36.b3 Qc3
37.Qxc3 Bxc3 38.Kf1 Kf8 39.Ke2 Ke7 40.Kd3 Bd4 41.f3 Bg1 42.Ke2 Bc5 43.Bd5 Ke8
44.f4 exf4 45.gxf4 Ke7 46.Kf3 f5 47.e5 g5 48.fxg5 hxg5 49.h4 gxh4 50.Kf4 Bb4
51.Kxf5 Bc3 52.Bg2 Kf7 53.Ke4 Ke7 54.Kd5 Kd7 55.Bf1 Ke7 56.Bh3 Be1 57.Kc5 Bg3
58.e6 Bd6+ 59.Kb5 Kd8 60.b4 Kc7 61.Bg2 Kb8 62.Kc4 Ka7 63.Kb5 Be7 64.Bh3 Bd6
65.Ka5 Be7 66.Ka4 Bd6 67.Kb5 Be7 68.Bf1 Bd6 69.Kc4 Kb6 70.b5 Be7 71.Bg2 Bf8
72.Bf1 Be7 73.Kd5 h3 74.Bxh3 Kxb5  1/2-1/2

[Event "Jagodina"]
[Site "Jagodina"]
[Date "1998.03.23"]
[Round "1"]
[White "Nestorovic, Dejan"]
[Black "Pikula, Dejan"]
[Result "1/2-1/2"]
[WhiteElo "2375"]
[BlackElo "2440"]

1.d4 d5 2.c4 dxc4 3.e3 Nf6 4.Bxc4 e6 5.Nf3 c5 6.O-O a6 7.dxc5 Qxd1 8.Rxd1 Bxc5
9.b3 Nbd7 10.Bb2 b6 11.Nbd2 Bb7 12.Kf1 Ke7 13.Bd3 Rhd8 14.Ke2 Rac8 15.a3 a5
16.Bb5 Nd5 17.Nc4 f6 18.Ne1 Nc7 19.Bxd7 Rxd7 20.Rxd7+ Kxd7 21.Nd3 Ba6 22.Rc1 Bxc4
23.Rxc4 Bd6 24.a4 e5 25.h3  1/2-1/2

[Event "POL-ch"]
[Site "Ksiaz"]
[Date "1998.03.25"]
[Round "12"]
[White "Sosnicki, Michal"]
[Black "Hnydiuk, Aleksander"]
[Result "1-0"]
[WhiteElo "2385"]
[BlackElo "2355"]

1.d4 d5 2.c4 dxc4 3.Nf3 e6 4.e3 Nf6 5.Bxc4 c5 6.O-O a6 7.Bb3 cxd4 8.exd4 Nc6
9.Nc3 Be7 10.Re1 O-O 11.a3 Na5 12.Bc2 b5 13.Qd3 Bb7 14.Bg5 g6 15.Rad1 Rc8
16.Ne5 Nc4 17.Nxc4 bxc4 18.Qh3 Nd5 19.Bh6 Re8 20.Ne4 Nf6 21.Ng5 Qb6 22.Ba4 Red8
23.Nxe6 fxe6 24.Rxe6 Qc7 25.Rde1 Bf8 26.Rxf6 Bxh6 27.Qxh6 Rxd4 28.Rfe6 Qf7
29.Re7  1-0

[Event "Hampstead GM"]
[Site "Hampstead"]
[Date "1998.03.28"]
[Round "5"]
[White "Buckley, Graeme"]
[Black "Duncan, Christopher R"]
[Result "1-0"]
[WhiteElo "2315"]
[BlackElo "2290"]

1.d4 d5 2.c4 dxc4 3.Nf3 e6 4.e3 Nf6 5.Bxc4 c5 6.Qe2 a6 7.dxc5 Bxc5 8.e4 b5
9.Bb3 Bb7 10.Nbd2 Nc6 11.O-O e5 12.a4 Qb6 13.axb5 axb5 14.Rxa8+ Bxa8 15.Bd5 O-O
16.Bxc6 Bxc6 17.Nxe5 Bb7 18.Ng4 Nd7 19.Nb3 Re8 20.Nxc5 Qxc5 21.Nh6+ Kf8 22.Be3 Qc6
23.f3 gxh6 24.Rc1 Qd6 25.Qxb5 Ba6 26.Qf5 Re6 27.Qxh7 Ke7 28.Qh8 Qd3 29.Bxh6 Rg6
30.Bf4 Qxf3 31.Qh4+ Ke8 32.Bg5 Qd3 33.Qh8+ Nf8 34.Qe5+ Re6 35.Qb8+ Kd7 36.Qd8+  1-0

[Event "Hampstead GM"]
[Site "Hampstead"]
[Date "1998.03.31"]
[Round "9"]
[White "Bates, Richard"]
[Black "Duncan, Christopher R"]
[Result "1-0"]
[WhiteElo "2430"]
[BlackElo "2290"]

1.d4 d5 2.c4 dxc4 3.e3 Nf6 4.Bxc4 e6 5.Nf3 c5 6.O-O a6 7.Qe2 b5 8.Bd3 Nbd7
9.a4 b4 10.Nbd2 Bb7 11.Nc4 Qc7 12.Bd2 Ne4 13.Rac1 Be7 14.Rfd1 O-O 15.Be1 a5
16.Nfe5 Rfd8 17.f3 Nef6 18.Nxd7 Rxd7 19.Bg3 Qd8 20.Ne5 Rc7 21.dxc5 Qc8 22.Nc4 Rxc5
23.Bd6 Bxd6 24.Nxd6 Rxc1 25.Nxc8 Raxc8 26.Rxc1 Rxc1+ 27.Kf2 g6 28.Qd2 Rc5
29.e4 Kg7 30.Qe3 Re5 31.Qd4 Rh5 32.Qb6 Ba8 33.Qa6 Bxe4 34.Bxe4 Nxe4+ 35.fxe4 Rc5
36.Qd6 Rg5 37.h4 Rh5 38.g4 Rxh4 39.Kg3 Rh1 40.Qe5+ Kh6 41.Qxa5  1-0

[Event "Czerniak mem 14th"]
[Site "Tel Aviv"]
[Date "1998.04.15"]
[Round "6"]
[White "Elbilia, Jacques"]
[Black "Zifroni, Dov"]
[Result "1/2-1/2"]
[WhiteElo "2360"]
[BlackElo "2500"]

1.d4 d5 2.c4 dxc4 3.Nf3 Nf6 4.e3 e6 5.Bxc4 c5 6.O-O a6 7.Qe2 b5 8.Bb3 Bb7
9.a4 b4 10.Nbd2 Be7 11.Nc4 O-O 12.a5 Nbd7 13.Ba4 Qc7 14.b3 cxd4 15.exd4 Rfd8
16.Bd2 Bd5 17.Nfe5 Nxe5 18.Nxe5 Qb7 19.Rfc1 Rdc8 20.f3 Bd8 21.Rxc8 Rxc8 22.Nd3 Bxa5
23.Nc5 Qb6 24.Qxa6 Qxa6 25.Nxa6 Bb6 26.Nc5 e5 27.Bxb4 exd4 28.Nd3 Be6 29.Be1 Nd5
30.Bb5 Ne3 31.Ra6 Bd8 32.b4 Rb8 33.Nc5 Bd5 34.Bd3 Be7 35.Ra1 h5 36.Nd7 Rc8
37.Nb6 Rd8 38.Nxd5  1/2-1/2

[Event "ARG-ch"]
[Site "Buenos Aires"]
[Date "1998.04.17"]
[Round "3"]
[White "Sorokin, Maxim"]
[Black "Gomez Baillo, Jorge H"]
[Result "1/2-1/2"]
[WhiteElo "2555"]
[BlackElo "2440"]

1.Nf3 d5 2.d4 Nf6 3.c4 dxc4 4.e3 e6 5.Bxc4 c5 6.O-O a6 7.Bb3 Nc6 8.Nc3 cxd4
9.exd4 Be7 10.Bg5 Na5 11.Bc2 b5 12.Ne5 Bb7 13.Re1 Rc8 14.Qd3 Nd5 15.Bxe7 Qxe7
16.Nxd5 Bxd5 17.a4 Nc4 18.axb5 axb5 19.Nxc4 Bxc4 20.Qe4 g6 21.Bd3 O-O 22.Bxc4 Rxc4  1/2-1/2

[Event "Tel Aviv 14th"]
[Site "Tel Aviv (Ramat-Aviv)"]
[Date "1998.04.19"]
[Round "7"]
[White "Mikhalevski, Victor"]
[Black "Maryasin, Boris"]
[Result "1-0"]
[WhiteElo "2545"]
[BlackElo "2350"]

1.d4 d5 2.c4 dxc4 3.Nf3 Nf6 4.e3 e6 5.Bxc4 c5 6.dxc5 Qxd1+ 7.Kxd1 Bxc5 8.a3 a6
9.b4 Bd6 10.Bb2 b5 11.Bd3 Bb7 12.Ke2 Nbd7 13.Nbd2 Rc8 14.e4 e5 15.a4 O-O
16.axb5 axb5 17.Ra7 Bc6 18.Bc3 Rfe8 19.Ra6 Nb8 20.Ra3 Bd7 21.Rb1 Nc6 22.Bxb5 Rb8
23.Bc4 Nd4+ 24.Bxd4 exd4 25.Kd3 Ng4 26.Ra7 Nxf2+ 27.Kxd4 Red8 28.Ng5 Bxb4
29.Nxf7 Be6+ 30.Nxd8 Rxd8+ 31.Ke5 Bxc4 32.Nxc4 Re8+ 33.Kd5 Rd8+ 34.Ke6 Bc5
35.Rab7 Bf8 36.Rb8 Rxb8 37.Rxb8 Nxe4 38.Ne5 Nf6 39.g4 h6 40.Ng6 Nh7 41.h4  1-0

[Event "ARG-ch"]
[Site "Buenos Aires"]
[Date "1998.05.01"]
[Round "15"]
[White "Zarnicki, Pablo"]
[Black "Ricardi, Pablo"]
[Result "1/2-1/2"]
[WhiteElo "2515"]
[BlackElo "2555"]

1.Nf3 Nf6 2.d4 d5 3.c4 dxc4 4.e3 e6 5.Bxc4 c5 6.O-O a6 7.dxc5 Qxd1 8.Rxd1 Bxc5
9.b3 Nbd7 10.Bb2 Ke7 11.Nbd2 b5 12.Be2 Bb7 13.Ne5 Nxe5 14.Bxe5 Rhd8 15.Bf3 Bxf3
16.Nxf3 Rxd1+ 17.Rxd1  1/2-1/2

[Event "Zepter op"]
[Site "Minsk"]
[Date "1998.05.03"]
[Round "9"]
[White "Korotylev, Alexey"]
[Black "Vaulin, Alexander"]
[Result "1-0"]
[WhiteElo "2470"]
[BlackElo "2535"]

1.d4 d5 2.c4 dxc4 3.e3 e6 4.Bxc4 c5 5.Nf3 Nf6 6.O-O a6 7.a4 Nc6 8.Qe2 cxd4
9.Rd1 Be7 10.exd4 O-O 11.Nc3 Nd5 12.Ne4 b6 13.Bd3 Ncb4 14.Bb1 Bb7 15.Ne5 Rc8
16.Ra3 f5 17.Bd2 Nc6 18.Rh3 Nxe5 19.dxe5 fxe4 20.Bxe4 Rf5 21.Bxf5 exf5 22.Qh5 Qd7
23.Qxh7+ Kf7 24.Rg3 Bf8 25.Qg6+ Kg8 26.e6 Qe8 27.Qxf5 Ne7 28.Qg4 Rd8 29.Bc3 Nf5
30.Re1 Nxg3 31.e7 Ne2+ 32.Qxe2 Qxe7 33.Qxe7 Bxe7 34.Rxe7 Rd1+ 35.Re1 Rxe1+
36.Bxe1 Bc6 37.a5 bxa5 38.Bxa5 Kf7 39.f3 Ke6 40.Kf2 Bb5 41.g4 Ba4 42.Kg3 Bd1
43.f4 g6 44.Kh4  1-0

[Event "Garcia mem Premier"]
[Site "Santa Clara"]
[Date "1998.06.01"]
[Round "7"]
[White "Nogueiras, Jesus"]
[Black "Arencibia, Walter"]
[Result "1/2-1/2"]
[WhiteElo "2520"]
[BlackElo "2535"]

1.d4 d5 2.c4 dxc4 3.Nf3 e6 4.e3 Nf6 5.Bxc4 c5 6.O-O a6 7.Bb3 Nc6 8.Nc3 cxd4
9.exd4 Na5 10.Bc2 b5 11.Ne4 Nxe4 12.Bxe4 Bb7 13.Bxb7 Nxb7 14.Be3 Be7 15.a4 O-O
16.axb5 axb5 17.Rxa8 Qxa8 18.Qb3 Qa4 19.Qxa4  1/2-1/2

[Event "Russian Club Cup"]
[Site "Maikop"]
[Date "1998.06.07"]
[Round "5"]
[White "Shipov, Sergei"]
[Black "Yakovich, Yuri"]
[Result "1/2-1/2"]
[WhiteElo "2620"]
[BlackElo "2570"]

1.d4 d5 2.Nf3 Nf6 3.c4 dxc4 4.e3 e6 5.Bxc4 c5 6.Qe2 Nc6 7.O-O cxd4 8.exd4 Be7
9.Rd1 O-O 10.a3 Nd5 11.Nc3 Nxc3 12.bxc3 Bf6 13.Bd3 Bd7 14.Qe4 g6 15.Bh6 Bg7
16.Qf4 Rc8 17.Be4 Bxh6 18.Qxh6 Qf6 19.h4 Rc7 20.h5 Rfc8 21.Rd3 Be8 22.Re1 Ne7
23.Ne5 Qg7 24.Qd2 f6 25.hxg6 hxg6 26.Ng4 f5 27.Nh6+ Kf8 28.Rf3 g5 29.Bxb7 Rxb7
30.Rxe6 Bf7 31.Nxf5 Nxf5 32.Rxf5 Rb1+ 33.Re1 Rcb8 34.Re5  1/2-1/2

[Event "Garcia mem Premier"]
[Site "Santa Clara"]
[Date "1998.06.07"]
[Round "12"]
[White "Borges Mateos, Juan"]
[Black "Nogueiras, Jesus"]
[Result "1/2-1/2"]
[WhiteElo "2480"]
[BlackElo "2520"]

1.d4 d5 2.c4 dxc4 3.Nf3 Nf6 4.e3 e6 5.Bxc4 c5 6.O-O a6 7.a4 Nc6 8.Nc3 Be7
9.Qe2 cxd4 10.Rd1 O-O 11.exd4 Bd7 12.Ne5 Nb4 13.Bg5 Rc8 14.d5  1/2-1/2

[Event "Stockholm"]
[Site "Stockholm"]
[Date "1998.06.08"]
[Round "3"]
[White "Malmstig, Erik"]
[Black "Hjelm, Niclas"]
[Result "1-0"]
[WhiteElo "2305"]
[BlackElo "2315"]

1.d4 d5 2.Nf3 Nf6 3.c4 dxc4 4.e3 e6 5.Bxc4 c5 6.O-O a6 7.Bb3 Nc6 8.Qe2 cxd4
9.Rd1 d3 10.Rxd3 Qc7 11.Nc3 Be7 12.h3 Nd7 13.Rd1 O-O 14.a3 b5 15.e4 Bb7 16.Be3 Rad8
17.Rac1 Qb8 18.Ng5 Nf6 19.Bb6 Rxd1+ 20.Rxd1 Ba8 21.Qe3 Ne5 22.f4 Ned7 23.Ba7 Qb7
24.Bd4 b4 25.axb4 Qxb4 26.Ba2 Qb7 27.Rd2 Qc6 28.e5 Nh5 29.f5 Nc5 30.f6 gxf6
31.exf6 Nxf6 32.Qg3 Kh8 33.Qh4 Nd7 34.Qxh7+  1-0

[Event "Chess Classics Masters"]
[Site "Frankfurt"]
[Date "1998.06.17"]
[Round "3"]
[White "Jussupow, Artur"]
[Black "Kortschnoj, Viktor"]
[Result "1/2-1/2"]
[WhiteElo "2630"]
[BlackElo "2625"]

1.d4 d5 2.c4 dxc4 3.e3 e6 4.Bxc4 Nf6 5.Nf3 c5 6.O-O a6 7.Bd3 cxd4 8.exd4 Nc6
9.Bg5 Be7 10.Nc3 h6 11.Be3 b5 12.Rc1 Nb4 13.Bb1 Bb7 14.Ne5 Bd6 15.Qe2 Qe7
16.Rfe1 Nbd5 17.Bd2 Nxc3 18.Rxc3 Bb4 19.Rg3 Bxd2 20.Qxd2 g5 21.Rc3 Nd5 22.Rc5 Kf8
23.Be4 Kg7 24.Bxd5 Bxd5 25.Qc3 Ra7 26.Rxd5 exd5 27.Nc6 Qd7 28.Nxa7 Qxa7 29.h3 Rd8
30.Re5 Rd6 31.Qe3 Qd7 32.h4 gxh4 33.Qf4 Rg6 34.Qxh4 Qc8 35.Qf4 Qh3 36.g3 Re6
37.Qe3 Qg4 38.Kg2 h5 39.f3 Qg6 40.Rxe6 fxe6 41.Qe5+ Qf6 42.Qxh5 Qxd4 43.g4 Qd2+
44.Kg3 Qe1+ 45.Kg2 Qd2+ 46.Kg3  1/2-1/2

[Event "Copenhagen op"]
[Site "Copenhagen"]
[Date "1998.06.21"]
[Round "1"]
[White "Adamski, Jan"]
[Black "Guindy, Esmat"]
[Result "1-0"]
[WhiteElo "2345"]
[BlackElo "2160"]

1.d4 d5 2.c4 dxc4 3.Nf3 Nf6 4.e3 e6 5.Bxc4 c5 6.O-O a6 7.Bd3 Nc6 8.Nc3 b5
9.a4 b4 10.Ne4 cxd4 11.Nxf6+ gxf6 12.Be4 Bb7 13.Nxd4 Rc8 14.b3 Qb6 15.Bb2 Be7
16.Rc1 Rg8 17.Nxc6 Bxc6 18.Bd4 Qb7 19.Rxc6 Rxc6 20.Qf3 Kd7 21.Bxf6 Rgc8 22.Rd1+ Ke8
23.h3 Qc7 24.Bxe7 Kxe7 25.Bxc6 Qxc6 26.Qf4 Qc3 27.Rd4 Qxb3 28.Rxb4 Qd1+ 29.Kh2 Qd6  1-0

[Event "Frankfurt Ordix op"]
[Site "Frankfurt"]
[Date "1998.06.21"]
[Round "11"]
[White "Huzman, Alexander"]
[Black "Arbakov, Valentin"]
[Result "1-0"]
[WhiteElo "2610"]
[BlackElo "2445"]

1.Nf3 d5 2.d4 Nf6 3.c4 dxc4 4.e3 e6 5.Bxc4 c5 6.O-O Be7 7.Nc3 a6 8.dxc5 Qxd1
9.Rxd1 Bxc5 10.Bd2 b5 11.Be2 Bb7 12.Rac1 Nbd7 13.Be1 Ke7 14.Nd4 Rhc8 15.Nb3 Bb6
16.a4 b4 17.Nb1 a5 18.N1d2 Ne5 19.Bb5 Bd5 20.Kf1 Ne8 21.e4 Bxb3 22.Nxb3 Nd6
23.Be2 Nxe4 24.f4 Ng6 25.Bf3 f5 26.g3 Kf6 27.Bxe4 fxe4 28.Nd2 Kf5 29.Nc4 Bc7
30.Rd7 Kf6 31.Nd2 e3 32.Ne4+ Kf5 33.Rdxc7 Rxc7 34.Nd6+ Kg4 35.Rxc7 Kf3 36.Nf7 h6
37.h4 e2+ 38.Kg1 Ke3 39.h5 Nf8 40.Kg2 Nh7 41.Re7 Ra6 42.Nd8 Kd3 43.Rxe6 Ra8
44.Nc6 Nf6 45.Kf3 Nxh5 46.Rxe2 Kc4 47.Re3 Nf6 48.b3+ Kc5 49.Ne7 Kd6 50.Nf5+ Kd7
51.Re7+ Kc6 52.Rxg7 Nd5 53.Rg6+ Kc7 54.Rg7+ Kc6 55.Bf2 h5 56.Ne7+ Nxe7 57.Rxe7 Rd8
58.Re6+ Kb7 59.Re3 Rd5 60.Ke4 Rd2 61.Rf3 Kc6 62.f5 Kd7 63.f6  1-0

[Event "White Nights op"]
[Site "St Petersburg"]
[Date "1998.06.23"]
[Round "4"]
[White "Nikolaev, Vadim S"]
[Black "Afonin, Alexey"]
[Result "1-0"]
[WhiteElo "2280"]
[BlackElo "2190"]

1.d4 d5 2.c4 dxc4 3.Nf3 Nf6 4.e3 e6 5.Bxc4 c5 6.O-O a6 7.a4 Nc6 8.Nc3 cxd4
9.exd4 Be7 10.Bf4 O-O 11.Qd2 Nd5 12.Bg3 b6 13.Rad1 Bb7 14.Ba2 Ncb4 15.Bb1 Nxc3
16.bxc3 Bxf3 17.gxf3 Nd5 18.Qd3 g6 19.c4 Nb4 20.Qb3 Rc8 21.Be4 Qd7 22.c5 bxc5
23.dxc5 Nd5 24.Bxd5 exd5 25.Rxd5 Qe6 26.Bd6 Bxd6 27.cxd6 Rc3 28.Qxc3 Qxd5
29.Qf6 h5 30.Re1 h4 31.h3 Qc6 32.Re4 Qc1+ 33.Kg2  1-0

[Event "Copenhagen op"]
[Site "Copenhagen"]
[Date "1998.06.25"]
[Round "5"]
[White "Lahlum, Hans Olav"]
[Black "Guindy, Esmat"]
[Result "1/2-1/2"]
[WhiteElo "2215"]
[BlackElo "2160"]

1.d4 d5 2.c4 dxc4 3.Nf3 Nf6 4.e3 e6 5.Bxc4 c5 6.Nc3 a6 7.a4 Nc6 8.O-O cxd4
9.exd4 Be7 10.Be3 O-O 11.Qe2 Nb4 12.Rfd1 Nbd5 13.Ne5 Qd6 14.f3 Nxe3 15.Qxe3 b6
16.Ne4 Nxe4 17.Qxe4 Ra7 18.Nc6 Rc7 19.Nxe7+ Qxe7 20.b3 Bb7 21.Qd3 a5 22.Qe3 Rd8
23.Rd3 g6 24.Rad1 Bd5 25.Bb5 Rc2 26.Rc1 Rdc8 27.Rxc2 Rxc2 28.Rc3 Rxc3 29.Qxc3 Qa3
30.Bc4 Bxc4 31.Qxc4 Qa1+ 32.Kf2 Qb2+ 33.Kg3 Qd2 34.h3 Kg7 35.Kh2 h6 36.Kg3 g5
37.Kh2 Kg6 38.Kh1 h5 39.Kh2 h4 40.Kh1 Qe1+ 41.Kh2 Qe3 42.Qc2+ Kf6 43.Qc4 Qd2
44.Kh1 Qb4 45.Qd3 Ke7 46.Qe3 f6 47.Qd3 Kd6 48.Qe3 Qa3 49.Qc3 Qb4 50.Qe3 b5
51.axb5 Qxb5 52.Kg1 e5 53.dxe5+ Qxe5 54.Qb6+ Ke7  1/2-1/2

[Event "White Nights op"]
[Site "St Petersburg"]
[Date "1998.06.27"]
[Round "8"]
[White "Rakitskaja, M."]
[Black "Afonin, Alexey"]
[Result "0-1"]
[WhiteElo "2160"]
[BlackElo "2190"]

1.Nf3 d5 2.d4 Nf6 3.c4 dxc4 4.e3 e6 5.Bxc4 c5 6.O-O a6 7.Bb3 b5 8.a3 Bb7
9.Qe2 Nbd7 10.Rd1 Qb6 11.Nc3 Be7 12.e4 cxd4 13.Nxd4 Bc5 14.Nc2 O-O 15.Bf4 Rfd8
16.Rd2 Nf8 17.Rad1 Rxd2 18.Rxd2 Ng6 19.Bg3 h5 20.h3 a5 21.e5 Qc6 22.Ne1 Ne4
23.Nxe4 Qxe4 24.Kf1 h4 25.Qxe4 Bxe4 26.Bh2 b4 27.a4 Rc8 28.Ke2 Kf8 29.f3 Bb7
30.Bc2 Ba6+ 31.Bd3 Bxd3+ 32.Nxd3 Bd4 33.Nf4 Nxf4+ 34.Bxf4 Bb6 35.Bg5 b3 36.Kd3 Bd8
37.Be3 Be7 38.Bd4 Bb4 39.Re2 Rc1 40.Bf2 Ra1 41.Kc4 Rxa4 42.Kxb3 Ra1 43.Bxh4 Kg8
44.Bd8 Kh7 45.Bb6 Rd1 46.Kc4 Kg6 47.Bd4 Be7 48.b3 Kf5 49.Re4 g5 50.Kb5 Bb4
51.h4 gxh4 52.Rxh4 Rb1 53.Ka4 Rd1 54.Rg4 Rd3 55.Re4 Rd1 56.g4+ Kg5 57.Bb6 Rd3
58.Re3 Rd5 59.Re4 Rd3 60.Rd4 Rxf3 61.Bd8+ Kg6 62.Bf6 Rg3 63.g5 Bc3 64.Rd8 Rg4+
65.Kb5 Rb4+ 66.Kxa5 Rxb3+ 67.Ka4 Rb7 68.Rc8 Bb4 69.Rg8+ Kf5 70.Rg7 Bf8 71.Rg8 Bc5
72.Rg7 Bd4 73.g6 Ra7+ 74.Kb5 fxg6 75.Rg8 Bxe5  0-1

[Event "RUS-Cup06"]
[Site "Nizhnij Novgorod"]
[Date "1998.07.05"]
[Round "7"]
[White "Grebionkin, Vladimir"]
[Black "Karpatchev, Aleksandr"]
[Result "1-0"]
[WhiteElo "2415"]
[BlackElo "2570"]

1.Nf3 d5 2.d4 Nf6 3.c4 dxc4 4.e3 e6 5.Bxc4 c5 6.O-O a6 7.dxc5 Qxd1 8.Rxd1 Bxc5
9.b3 Nbd7 10.Bb2 Ke7 11.Nbd2 b6 12.Be2 Bb7 13.Ne1 Bd5 14.Nd3 Bd6 15.f3 Nc5
16.Nf2 Ncd7 17.e4 Bc6 18.Nc4 Bc5 19.Kf1 Bb5 20.a4 Bxc4 21.Bxc4 Bd6 22.g3 Ne5
23.Be2 Nc6 24.Nd3 e5 25.f4 Nd7 26.Bg4 Rhd8 27.Bxd7 Rxd7 28.fxe5 Bc5 29.Nxc5 bxc5
30.Ba3 Nb4 31.Rdc1 Nd3 32.Bxc5+ Ke6 33.Rc3 Rc8 34.b4 Nxe5 35.Ke2 Ng4 36.h3 Nf6
37.Ke3 Rdc7 38.Rac1 Nd7 39.Bd4 Rxc3+ 40.Rxc3 Rxc3+ 41.Bxc3 f6 42.Bd4 Kd6
43.Kd3 Nb8 44.Kc4 Nc6 45.Bc3 Na7 46.Bd2 Kc6 47.Be3 Nc8 48.Bc5  1-0

[Event "Lost Boys op"]
[Site "Antwerp"]
[Date "1998.07.06"]
[Round "6"]
[White "Barsov, Alexei"]
[Black "Hommeles, Theo"]
[Result "1-0"]
[WhiteElo "2465"]
[BlackElo "2335"]

1.d4 d5 2.c4 dxc4 3.e3 Nf6 4.Bxc4 e6 5.Nf3 c5 6.O-O a6 7.Bd3 cxd4 8.exd4 Be7
9.Ne5 Nc6 10.Nxc6 bxc6 11.Qc2 Bb7 12.Rd1 O-O 13.Be3 Qd5 14.Nc3 Qh5 15.Qb3 Bc8
16.Ne4 Nd5 17.Qc4 f5 18.Ng3 Qe8 19.Bd2 h5 20.Ne2 h4 21.h3 Bd7 22.Qc1 Bd6
23.Nf4 Nf6 24.Re1 Nd5 25.Bc4 Qf7 26.Nd3 f4 27.f3 Qf6 28.Ne5 Be8 29.Re4 g5
30.Kh1 Kg7 31.Qe1 Qe7 32.Ng4 Bd7 33.Rc1 Rfc8 34.Qf1 a5 35.Ree1 Rcb8 36.b3 a4
37.Qd3 Nb6 38.d5 cxd5 39.Bc3+ Kf7 40.Qh7+ Ke8 41.Qg8+ Qf8 42.Rxe6+ Kd8 43.Bf6+  1-0

[Event "Politiken Cup"]
[Site "Copenhagen"]
[Date "1998.07.07"]
[Round "4"]
[White "Schandorff, Lars"]
[Black "Adamski, Jan"]
[Result "1/2-1/2"]
[WhiteElo "2525"]
[BlackElo "2345"]

1.d4 d5 2.c4 dxc4 3.e3 Nf6 4.Bxc4 e6 5.Nf3 c5 6.Qe2 Nc6 7.O-O cxd4 8.exd4 Be7
9.Nc3 O-O 10.Rd1 Na5 11.Bd3 b6 12.Bg5 Bb7 13.Rac1 Rc8 14.Bb1 Nc4 15.Ne5 Nd6
16.Re1 Nd5 17.Qd3 Nf5 18.Bxe7 Qxe7 19.Qd2 Nd6 20.Bc2 Rfd8 21.Bb3 Nf6 22.Qf4 Re8
23.Rcd1 Rcd8 24.Re3 Nh5 25.Qg4 Nf6 26.Qf4 Nh5 27.Qg4 Nf6  1/2-1/2

[Event "Politiken Cup"]
[Site "Copenhagen"]
[Date "1998.07.07"]
[Round "4"]
[White "Hillarp Persson, Tiger"]
[Black "Naes, Flovin Tor"]
[Result "1-0"]
[WhiteElo "2410"]
[BlackElo "2125"]

1.d4 d5 2.c4 dxc4 3.e3 e6 4.Bxc4 Nf6 5.Nf3 c5 6.Qe2 a6 7.dxc5 Bxc5 8.O-O Nc6
9.e4 Qc7 10.e5 Nd7 11.Bf4 Nd4 12.Nxd4 Bxd4 13.Re1 b5 14.Bd3 Bb7 15.Nd2 Nc5
16.Rac1 Qb6 17.Bb1 Bxb2 18.Rxc5 Qxc5 19.Ne4 Bxe4 20.Bxe4 Bc3 21.Bxa8 Bxe1
22.Qxe1 O-O 23.Bf3 Qc4 24.Qd2 b4 25.h4 a5 26.Bg5 Rb8 27.Qd6 Qc8 28.Bd1 h6
29.Be3 Rb5 30.Bb3 Rb7 31.Qa6 Qc7 32.g3 Rb8 33.Qd6 Qb7 34.Bc2 Rc8 35.Qd3 Qc6
36.Qh7+ Kf8 37.Ba4  1-0

[Event "Politiken Cup"]
[Site "Copenhagen"]
[Date "1998.07.12"]
[Round "8"]
[White "Schandorff, Lars"]
[Black "Hillarp Persson, Tiger"]
[Result "1-0"]
[WhiteElo "2525"]
[BlackElo "2410"]

1.d4 d5 2.c4 dxc4 3.e3 Nf6 4.Bxc4 e6 5.Nf3 c5 6.Qe2 a6 7.dxc5 Bxc5 8.O-O b5
9.Bd3 Nc6 10.Nbd2 Bb7 11.Rd1 Qc7 12.Nb3 Bd6 13.Bd2 Ng4 14.h3 Nge5 15.Nxe5 Nxe5
16.Rac1 Qe7 17.Na5 Nxd3 18.Qxd3 Rd8 19.Qe2 Ba8 20.Nc6 Bxc6 21.Rxc6 Qb7 22.Rdc1 O-O
23.Ba5 Rd7 24.Qf3 Be5 25.b3 g6 26.g3 Rd6 27.Kg2 Rxc6 28.Qxc6 Qxc6+ 29.Rxc6 Ra8
30.f4 Bf6 31.Kf3 Kf8 32.e4 h5 33.f5 Ke7 34.Bb4+ Kd7 35.Rd6+ Ke8 36.fxe6 Be7
37.exf7+ Kf8 38.Rd4 Bxb4 39.Rxb4 Rc8 40.Kf4 Kxf7 41.Rd4 Rc2 42.a4 Rc3 43.Rd7+ Kf8
44.h4 Rxb3 45.Rd6 bxa4 46.Rxg6 a3 47.Rxa6 Kf7 48.Ra7+ Kf6 49.Ra6+ Kf7 50.Ra7+ Kg6
51.g4 hxg4 52.Kxg4 Kf6 53.h5 Re3 54.Kf4 Rh3 55.Ra6+ Kf7 56.Kg4 Re3 57.Kf4 Rh3
58.Ra7+ Ke6 59.h6 Rh4+ 60.Kg5 Rh3 61.Kg4 Rh1 62.Rxa3  1-0

[Event "Politiken Cup"]
[Site "Copenhagen"]
[Date "1998.07.14"]
[Round "10"]
[White "Pedersen, Steffen"]
[Black "Naes, Flovin Tor"]
[Result "1/2-1/2"]
[WhiteElo "2415"]
[BlackElo "2125"]

1.d4 d5 2.c4 dxc4 3.Nf3 Nf6 4.e3 e6 5.Bxc4 c5 6.O-O a6 7.Bb3 Nc6 8.Qe2 Qc7
9.Nc3 Be7 10.h3 O-O 11.Bd2 b5 12.dxc5 Bxc5 13.Rac1 Qb6 14.Ng5 Be7 15.Bc2 Bb7
16.Nce4 Nxe4 17.Nxe4 Nb4 18.Bxb4 Bxb4 19.Nf6+ gxf6 20.Qg4+ Kh8 21.Qh4 f5
22.Qf6+ Kg8 23.Qg5+  1/2-1/2

[Event "RUS-Cup07"]
[Site "Tomsk"]
[Date "1998.07.20"]
[Round "6"]
[White "Kiriakov, Petr"]
[Black "Nikitin, Andrey"]
[Result "1-0"]
[WhiteElo "2495"]
[BlackElo "2410"]

1.d4 d5 2.c4 dxc4 3.e3 Nf6 4.Bxc4 e6 5.Nf3 c5 6.O-O a6 7.Bb3 b5 8.a4 b4 9.e4 cxd4
10.e5 Nfd7 11.Qxd4 Nc6 12.Qf4 Be7 13.Qg3 Kf8 14.Nbd2 Bb7 15.Nc4 Nc5 16.Bc2 b3
17.Bb1 Nd4 18.Nxd4 Qxd4 19.Nd6 Bd5 20.Qf4 Qxf4 21.Bxf4 g5 22.Be3 Nd7 23.f4 Kg7
24.Bd3 gxf4 25.Bxf4 f6 26.exf6+ Bxf6 27.Rac1 Bd4+ 28.Kh1 Rhf8 29.Rc7 Ra7
30.Be5+ Kg8 31.Rxf8+ Nxf8 32.Bxh7+ Nxh7 33.Rc8+ Nf8 34.Bxd4 Rd7 35.Be5 Rh7
36.Kg1 Rh5 37.Bf6 Rh6  1-0

[Event "BCF-ch"]
[Site "Torquay"]
[Date "1998.07.30"]
[Round "4"]
[White "Sashikiran, Krishnan"]
[Black "Buckley, Graeme"]
[Result "1-0"]
[WhiteElo "2470"]
[BlackElo "2315"]

1.d4 d5 2.c4 dxc4 3.Nf3 Nf6 4.e3 e6 5.Bxc4 c5 6.O-O a6 7.Qe2 Nc6 8.dxc5 Bxc5
9.e4 b5 10.Bb3 e5 11.Be3 Bxe3 12.fxe3 Na5 13.Nc3 Nxb3 14.axb3 Be6 15.Rad1 Qc7
16.Nd5 Qb7 17.Ng5 Bxd5 18.exd5 h6 19.Nf3 Nd7 20.Nh4 O-O 21.Qg4 Kh7 22.Rf3 Nb6
23.e4 Qc8 24.Qg3 Qc2 25.Re1 Qxb2 26.Nf5 g6 27.Nxh6 Nxd5 28.Nf5 Nf4 29.Rf2 Qa3
30.Qh4+ Kg8 31.Qg5 Rfe8 32.h4 Rac8 33.Nh6+ Kg7 34.Nf5+ Kg8 35.h5 Rc1 36.Rxc1 Qxc1+
37.Kh2 Ne2 38.Nh6+ Kh8 39.Nxf7+ Kg8 40.Qxg6+ Kf8 41.Nxe5+  1-0